[Event "Icelandic Team Championship 2021-22 - 1s"]
[Site "Reykjavik"]
[Date "2021.10.01"]
[Round "1.3"]
[White "Gunnarsson, Arnar"]
[Black "Johannsson, Orn Leo"]
[Result "0-1"]
[WhiteElo "2418"]
[BlackElo "2213"]
[PlyCount "74"]
[EventDate "2021.10.01"]
[WhiteTeam "Skákfélag Selfoss og nágrennis"]
[BlackTeam "Taflfélag Vestmannaeyja"]

1. c4 c6 2. b3 d5 3. Bb2 Nf6 4. Nf3 Bf5 5. g3 e6 6. Bg2 Nbd7 7. O-O Be7 8. Nc3
h6 9. d3 O-O 10. Re1 Bh7 11. Nd2 a5 12. a3 d4 13. Na2 e5 14. b4 axb4 15. axb4
Qc7 16. Qb3 Ra7 17. e3 dxe3 18. fxe3 Rfa8 19. d4 Bf8 20. c5 Bf5 21. Nc3 Rxa1
22. Rxa1 Rxa1+ 23. Bxa1 exd4 24. exd4 Be6 25. Qc2 g6 26. Qd3 Bg7 27. Nc4 b6 28.
Bb2 bxc5 29. dxc5 Qb7 30. b5 Nxc5 31. Qd8+ Kh7 32. Bxc6 Qa7 33. Qb6 Qe7 34. Ne3
Nd3 35. Ncd1 Nxb2 36. Nxb2 Qb4 37. Nbd1 Ng4 0-1

[Event "Icelandic Team Championship 2021-22 - 1s"]
[Site "Reykjavik"]
[Date "2021.10.02"]
[Round "2.1"]
[White "Moller, Baldur Helgi"]
[Black "Mai, Alexander Oliver"]
[Result "0-1"]
[WhiteElo "1986"]
[BlackElo "2049"]
[PlyCount "80"]
[EventDate "2021.10.01"]
[WhiteTeam "Taflfélag Garðabæjar b-sveit"]
[BlackTeam "Taflfélag Reykjavíkur b-sveit"]

1. c4 e6 2. b3 d5 3. Bb2 Nf6 4. Nf3 Be7 5. g3 O-O 6. Bg2 c5 7. O-O Nc6 8. cxd5
Nxd5 9. Nc3 Bf6 10. Qc1 Nxc3 11. Bxc3 e5 12. Rd1 Bf5 13. d3 Qd7 14. Qe3 Nd4 15.
Rac1 Rfe8 16. Bxd4 exd4 17. Qd2 Qe7 18. Re1 Rac8 19. Rc2 b6 20. Rec1 a5 21. Kf1
Be6 22. Rb1 h6 23. a3 Qd7 24. Qd1 Bg4 25. Rbb2 Qd6 26. h3 Bh5 27. Qc1 Qd7 28.
Rc4 Be7 29. g4 Bg6 30. Ne5 Qd6 31. Nxg6 fxg6 32. b4 axb4 33. axb4 Bg5 34. Qe1
Qh2 35. bxc5 bxc5 36. Rb5 Re5 37. Qb1 Kh7 38. Rb8 Rxe2 39. Rxc8 Rxf2+ 40. Kxf2
Be3+ 0-1

[Event "Icelandic Team Championship 2021-22 - 1s"]
[Site "Reykjavik"]
[Date "2021.10.02"]
[Round "2.4"]
[White "Karlsson, Mikael Johann"]
[Black "Baldursson, Haraldur"]
[Result "1-0"]
[WhiteElo "2082"]
[BlackElo "1894"]
[PlyCount "51"]
[EventDate "2021.10.01"]
[WhiteTeam "Skákfélag Akureyrar b-sveit"]
[BlackTeam "Víkingaklúbburinn b-sveit"]

1. c4 e5 2. g3 Nf6 3. Bg2 d5 4. cxd5 Nxd5 5. Nf3 Nc6 6. O-O Nb6 7. b3 g6 8. Nc3
Bg7 9. Ba3 f5 10. Rc1 Be6 11. d3 g5 12. b4 g4 13. Nd2 Nd5 14. Na4 Ndxb4 15. Nc5
Bd5 16. Nxb7 Qd7 17. Nc5 Qf7 18. Qa4 Bxg2 19. Kxg2 Qxa2 20. Ncb3 e4 21. Rxc6
Nxc6 22. Qxc6+ Kf7 23. Qd7+ Kg6 24. Qe6+ Bf6 25. Be7 Qb2 26. Nc4 1-0

[Event "Icelandic Team Championship 2021-22 - 1s"]
[Site "Reykjavik"]
[Date "2021.10.01"]
[Round "1.4"]
[White "Loftsson, Arnaldur"]
[Black "Maggason, Oskar"]
[Result "1/2-1/2"]
[WhiteElo "1987"]
[BlackElo "1785"]
[PlyCount "63"]
[EventDate "2021.10.01"]
[WhiteTeam "Taflfélag Garðabæjar b-sveit"]
[BlackTeam "Taflfélag Garðabæjar c-sveit"]

1. c4 e5 2. g3 Nc6 3. Nc3 Bc5 4. Bg2 d6 5. e3 Nf6 6. Nge2 Bg4 7. h3 Bh5 8. a3
a5 9. Nd5 O-O 10. d3 Re8 11. O-O Nxd5 12. cxd5 Ne7 13. g4 Bg6 14. d4 Bb6 15. e4
Nc8 16. f4 exd4 17. Qd3 f6 18. Nxd4 c5 19. dxc6 bxc6 20. Be3 Ne7 21. Bf2 d5 22.
Ne6 Bxf2+ 23. Rxf2 Qd6 24. f5 Bf7 25. Rd1 Bxe6 26. fxe6 Qxe6 27. exd5 cxd5 28.
Bxd5 Nxd5 29. Qxd5 Qxd5 30. Rxd5 Re3 31. Kg2 Rb3 32. Rfd2 1/2-1/2

[Event "Icelandic Team Championship 2021-22 - 1s"]
[Site "Reykjavik"]
[Date "2021.10.01"]
[Round "1.3"]
[White "Thorsteinsson, Thorsteinn"]
[Black "Thorfinnsson, Bragi"]
[Result "1-0"]
[WhiteElo "2259"]
[BlackElo "2427"]
[PlyCount "65"]
[EventDate "2021.10.01"]
[WhiteTeam "Taflfélag Vestmannaeyja"]
[BlackTeam "Skákfélag Selfoss og nágrennis"]

1. c4 e5 2. g3 Nc6 3. Bg2 Bc5 4. Nc3 d6 5. e3 Be6 6. Nd5 Qd7 7. a3 a6 8. Ne2
Ba7 9. Qa4 h5 10. h4 Nh6 11. Nec3 O-O 12. Ne4 f6 13. d3 Kh8 14. Bd2 b5 15. Qc2
Nd8 16. Rc1 c6 17. Nb4 a5 18. Nxc6 Qxc6 19. cxb5 Qxc2 20. Rxc2 Bb3 21. Rc1 d5
22. Nc3 e4 23. dxe4 d4 24. Nd5 Bxd5 25. exd5 dxe3 26. Bxe3 Bxe3 27. fxe3 Nf5
28. Kf2 Re8 29. d6 Ra7 30. Rc7 Rxc7 31. dxc7 Ne6 32. b6 Nc5 33. Rd1 1-0

[Event "Icelandic Team Championship 2021-22 - 1s"]
[Site "Reykjavik"]
[Date "2021.10.03"]
[Round "4.1"]
[White "Gunnarsson, Arnar"]
[Black "Hardarson, Petur Palmi"]
[Result "1-0"]
[WhiteElo "2418"]
[BlackElo "2093"]
[PlyCount "141"]
[EventDate "2021.10.01"]
[WhiteTeam "Skákfélag Selfoss og nágrennis"]
[BlackTeam "Taflfélag Reykjavíkur b-sveit"]

1. c4 Nf6 2. Nc3 g6 3. g3 Bg7 4. Bg2 O-O 5. Nf3 d6 6. O-O e5 7. d3 Nc6 8. Rb1
a5 9. a3 Re8 10. Nd2 Ne7 11. b4 axb4 12. axb4 c6 13. Bb2 Be6 14. Nb3 Qd7 15.
Re1 h5 16. Qc2 h4 17. Ne4 hxg3 18. hxg3 Nh7 19. c5 d5 20. Nd6 Reb8 21. e4 d4
22. Nc4 Nc8 23. Bc1 f6 24. Bd2 Bf8 25. f4 b5 26. cxb6 Nxb6 27. Nca5 Na4 28.
Nxc6 Rb6 29. Nba5 Nc3 30. Bxc3 Rxc6 31. Nxc6 Qxc6 32. Rec1 dxc3 33. Qxc3 Qb6+
34. Kf1 Ra2 35. Rc2 Rxc2 36. Qxc2 exf4 37. gxf4 Qe3 38. Qe2 Qxf4+ 39. Qf2 Qd6
40. d4 Bc4+ 41. Kg1 Ng5 42. b5 Bd3 43. Re1 Bxb5 44. e5 fxe5 45. Rxe5 Bg7 46.
Rxg5 Bxd4 47. Bd5+ Qxd5 48. Rxd5 Bxf2+ 49. Kxf2 Bc6 50. Rd6 Be4 51. Ke3 Bf5 52.
Kf4 Kf7 53. Ra6 Bd3 54. Rb6 g5+ 55. Kxg5 Bc4 56. Kf5 Kg7 57. Rb7+ Kh8 58. Kf6
Bd5 59. Rb5 Bc4 60. Rh5+ Kg8 61. Rc5 Bb3 62. Rg5+ Kh8 63. Rg3 Bd5 64. Rg4 Bb3
65. Kg6 Bc2+ 66. Kf7 Bb3+ 67. Kf8 Bc2 68. Rd4 Bb1 69. Rb4 Bc2 70. Kf7 Bh7 71.
Rb8+ 1-0

[Event "Icelandic Team Championship 2021-22 - 1s"]
[Site "Reykjavik"]
[Date "2021.10.03"]
[Round "4.3"]
[White "Karlsson, Mikael Johann"]
[Black "Gudjonsson, Sindri"]
[Result "1-0"]
[WhiteElo "2082"]
[BlackElo "1847"]
[PlyCount "41"]
[EventDate "2021.10.01"]
[WhiteTeam "Skákfélag Akureyrar b-sveit"]
[BlackTeam "Taflfélag Garðabæjar c-sveit"]

1. c4 Nf6 2. Nf3 d6 3. Nc3 e5 4. e4 Be7 5. d4 exd4 6. Nxd4 Nc6 7. Be2 O-O 8.
O-O Ne8 9. Nxc6 bxc6 10. c5 Be6 11. Qa4 Qd7 12. Rd1 f5 13. exf5 Bxf5 14. Bf3 d5
15. Nxd5 Kh8 16. Nb6 Qe6 17. Nxa8 Bxc5 18. Be3 Bxe3 19. Re1 Bxf2+ 20. Kxf2 Qd6
21. Kg1 1-0

[Event "Icelandic Team Championship 2021-22 - 1s"]
[Site "Reykjavik"]
[Date "2021.10.01"]
[Round "1.2"]
[White "Baldursson, Hrannar"]
[Black "Baldursson, Haraldur"]
[Result "1/2-1/2"]
[WhiteElo "2111"]
[BlackElo "1894"]
[PlyCount "112"]
[EventDate "2021.10.01"]
[WhiteTeam "Skákdeild KR"]
[BlackTeam "Víkingaklúbburinn b-sveit"]

1. c4 e5 2. Nc3 Nf6 3. g3 d5 4. cxd5 Nxd5 5. Bg2 Nb6 6. Nf3 Nc6 7. O-O Be7 8.
d3 Be6 9. Be3 f5 10. d4 e4 11. Ne1 O-O 12. d5 Nxd5 13. Nxd5 Qxd5 14. Qc1 Rad8
15. Nd3 Qc4 16. Nc5 Nd4 17. Bxd4 Rxd4 18. Nxe6 Qxe6 19. Qxc7 Rd7 20. Qc2 Rfd8
21. Rfd1 e3 22. f4 Rd2 23. Rxd2 exd2 24. Bf3 Qe3+ 25. Kg2 Bc5 26. Rd1 Qf2+ 27.
Kh3 Qe1 28. e4 Qe3 29. Bg2 Rd6 30. exf5 Rh6+ 31. Kg4 Rxh2 32. Bd5+ Kf8 33. Qc3
Qe2+ 34. Bf3 Qe7 35. f6 Qe6+ 36. Kg5 h6+ 37. Kg6 Qf7+ 38. Kf5 g6+ 39. Ke4 Qe6+
40. Kd3 Qe3+ 41. Kc2 Qxc3+ 42. bxc3 Be3 43. Kd3 Bf2 44. Rxd2 Bxg3 45. Rxh2 Bxh2
46. Bxb7 Kf7 47. Ke4 Kxf6 48. c4 Ke6 49. c5 h5 50. Bd5+ Kd7 51. Bf7 Bg1 52.
Bxg6 Bxc5 53. Bxh5 Ke7 54. Ke5 Bf2 55. f5 Bb6 56. f6+ Kf8 1/2-1/2

[Event "Icelandic Team Championship 2021-22 - 1s"]
[Site "Reykjavik"]
[Date "2021.10.03"]
[Round "4.4"]
[White "Stefansson, Bjorn Gretar"]
[Black "Sverrisson, Nokkvi"]
[Result "1/2-1/2"]
[WhiteElo "1687"]
[BlackElo "2037"]
[PlyCount "156"]
[EventDate "2021.10.01"]
[WhiteTeam "Víkingaklúbburinn b-sveit"]
[BlackTeam "Taflfélag Vestmannaeyja"]

1. c4 e5 2. d3 Nf6 3. g3 d5 4. cxd5 Nxd5 5. Bg2 Nb6 6. Nf3 Nc6 7. O-O Be7 8.
Nc3 O-O 9. a3 Be6 10. b4 f6 11. Bd2 Nd4 12. Nxd4 exd4 13. Ne4 Bd5 14. Qc2 f5
15. Nc5 Bxg2 16. Kxg2 Qd5+ 17. f3 Rae8 18. e4 dxe3 19. Bxe3 Kh8 20. Rae1 Nd7
21. Nxd7 Qxd7 22. Bf2 Bf6 23. Rxe8 Rxe8 24. Rd1 a6 25. d4 c6 26. Qc4 Rd8 27. h3
g6 28. Qc5 Qd5 29. Qxd5 Rxd5 30. Kf1 Kg7 31. Ke2 a5 32. Kd3 axb4 33. axb4 Be7
34. Kc3 Kf7 35. Rb1 Ke6 36. Kc4 b5+ 37. Kc3 Rd7 38. Ra1 Kd5 39. Be1 Bf6 40. Kd3
Bxd4 41. Bc3 Bf2 42. g4 Re7 43. Bd2 Ra7 44. Rc1 Ra3+ 45. Ke2 Bd4 46. Rc2 c5 47.
bxc5 Bxc5 48. Bg5 b4 49. Rd2+ Kc4 50. Rc2+ Rc3 51. Kd2 Rxc2+ 52. Kxc2 b3+ 53.
Kb1 fxg4 54. fxg4 Bd4 55. h4 Kd3 56. h5 Ke4 57. hxg6 hxg6 58. Be7 Kf4 59. g5
Kf5 60. Bd8 Ke6 61. Ba5 Be5 62. Bd8 Kd7 63. Ba5 Bd4 64. Bb4 Ke6 65. Ba5 Kf5 66.
Bd8 Be3 67. Kb2 Bxg5 68. Bb6 Ke4 69. Kxb3 Bf6 70. Kc2 Kf3 71. Kd2 g5 72. Ke1 g4
73. Bf2 Be5 74. Kf1 Bh2 75. Be1 Bg3 76. Bb4 Bf4 77. Be1 Be3 78. Bh4 Bd2 1/2-1/2

[Event "Icelandic Team Championship 2021-22 - 1s"]
[Site "Reykjavik"]
[Date "2021.10.01"]
[Round "1.1"]
[White "Bjorgvinsson, Andri Freyr"]
[Black "Hardarson, Petur Palmi"]
[Result "1/2-1/2"]
[WhiteElo "2084"]
[BlackElo "2093"]
[PlyCount "52"]
[EventDate "2021.10.01"]
[WhiteTeam "Skákfélag Akureyrar b-sveit"]
[BlackTeam "Taflfélag Reykjavíkur b-sveit"]

1. c4 Nf6 2. g3 g6 3. Bg2 Bg7 4. Nc3 O-O 5. e4 d6 6. Nge2 c5 7. O-O Nc6 8. d3
Nd4 9. Rb1 e5 10. Bg5 h6 11. Bd2 Nd7 12. Nd5 Nb6 13. Nxd4 cxd4 14. Ba5 Be6 15.
Qb3 Bxd5 16. cxd5 Qd7 17. Bxb6 axb6 18. Rbc1 b5 19. Rc2 Rfc8 20. Rfc1 Rxc2 21.
Rxc2 Bf6 22. a3 Bd8 23. Rc1 Bg5 24. Rc2 Bd8 25. Rc1 Bg5 26. Rc2 Bd8 1/2-1/2

[Event "Icelandic Team Championship 2021-22 - 1s"]
[Site "Reykjavik"]
[Date "2021.10.03"]
[Round "4.1"]
[White "Fridjonsson, Julius"]
[Black "Sigurmundsson, Ingimundur"]
[Result "1/2-1/2"]
[WhiteElo "2137"]
[BlackElo "1879"]
[PlyCount "94"]
[EventDate "2021.10.01"]
[WhiteTeam "Taflfélag Reykjavíkur b-sveit"]
[BlackTeam "Skákfélag Selfoss og nágrennis"]

1. c4 c5 2. g3 Nc6 3. Bg2 g6 4. Nc3 Bg7 5. a3 e6 6. b4 Nge7 7. bxc5 Qa5 8. Bb2
O-O 9. Nf3 Qxc5 10. Qa4 Na5 11. d3 d5 12. Qb4 Qxb4 13. axb4 Nb3 14. Ra3 dxc4
15. dxc4 Nd4 16. Nxd4 Bxd4 17. Na4 Nf5 18. O-O Bd7 19. e3 Bxb2 20. Nxb2 Bc6 21.
Rfa1 Rfd8 22. e4 Nd4 23. b5 Bxb5 24. cxb5 Nc2 25. e5 Nxa3 26. Rxa3 Rd2 27. Nc4
Rd1+ 28. Bf1 Rc8 29. Ne3 Rb1 30. Rxa7 Rc7 31. Kg2 Rd7 32. Ra2 h5 33. Rc2 Kg7
34. h3 Rb4 35. Kf3 Rb3 36. Ke4 Rb4+ 37. Kf3 Rb3 38. Ke4 Rb4+ 39. Bc4 Rc7 40. f4
Rc5 41. Kd4 Rcxb5 42. g4 hxg4 43. hxg4 Ra5 44. Kc3 Rb1 45. Rb2 Ra3+ 46. Bb3 Rg1
47. Kd3 Rg3 1/2-1/2

[Event "Icelandic Team Championship 2021-22 - 1s"]
[Site "Reykjavik"]
[Date "2021.10.02"]
[Round "2.1"]
[White "Birkisson, Bjorn Holm"]
[Black "Johannsdottir, Johanna Bjorg"]
[Result "1-0"]
[WhiteElo "2047"]
[BlackElo "1966"]
[PlyCount "65"]
[EventDate "2021.10.01"]
[WhiteTeam "Taflfélag Reykjavíkur b-sveit"]
[BlackTeam "Taflfélag Garðabæjar b-sveit"]

1. d4 g6 2. c4 Bg7 3. h4 h5 4. Nc3 Nc6 5. Nf3 d6 6. d5 Ne5 7. Nxe5 Bxe5 8. e4
Nf6 9. Qc2 c6 10. Ne2 Qb6 11. Be3 c5 12. Rb1 Nxe4 13. Nc3 Nxc3 14. bxc3 Qa5 15.
Bd2 Bf5 16. Bd3 Bxd3 17. Qxd3 Qxa2 18. O-O Qa6 19. Bg5 b6 20. f4 Bf6 21. f5
Bxg5 22. hxg5 Rg8 23. Rbe1 O-O-O 24. Rxe7 Rde8 25. Rfe1 Rxe7 26. Rxe7 Qa1+ 27.
Kh2 Qc1 28. Qg3 Rd8 29. Rxf7 h4 30. Qg4 Qxc3 31. fxg6+ Kb8 32. g7 Rc8 33. Qxc8+
1-0

[Event "Icelandic Team Championship 2021-22 - 1s"]
[Site "Reykjavik"]
[Date "2021.10.02"]
[Round "3.4"]
[White "Arngrimsson, Dagur"]
[Black "Johannsdottir, Johanna Bjorg"]
[Result "1-0"]
[WhiteElo "2380"]
[BlackElo "1966"]
[PlyCount "57"]
[EventDate "2021.10.01"]
[WhiteTeam "Skákfélag Selfoss og nágrennis"]
[BlackTeam "Taflfélag Garðabæjar b-sveit"]

1. d4 g6 2. Nf3 Bg7 3. g3 d6 4. Bg2 Nd7 5. O-O e5 6. b3 e4 7. Ng5 d5 8. f3 h6
9. Nxf7 Kxf7 10. fxe4+ Ke8 11. exd5 Nb6 12. Qd3 Ne7 13. Nc3 Nf5 14. g4 Ne7 15.
Ba3 Rf8 16. Be4 Bxg4 17. Bxg6+ Kd7 18. Qe4 h5 19. Bf7 Nbc8 20. Be6+ Bxe6 21.
Qxe6+ Ke8 22. Rxf8+ Bxf8 23. Rf1 Nd6 24. Qf6 Kd7 25. Bxd6 cxd6 26. Qe6+ Kc7 27.
Nb5+ Kb6 28. Nxd6 Ka5 29. Nxb7+ 1-0

[Event "Icelandic Team Championship 2021-22 - 1s"]
[Site "Reykjavik"]
[Date "2021.10.03"]
[Round "4.2"]
[White "Bergthorsson, Jon Thor"]
[Black "Johannsdottir, Johanna Bjorg"]
[Result "1-0"]
[WhiteElo "2155"]
[BlackElo "1966"]
[PlyCount "107"]
[EventDate "2021.10.01"]
[WhiteTeam "Skákdeild KR"]
[BlackTeam "Taflfélag Garðabæjar b-sveit"]

1. d4 g6 2. Nf3 Bg7 3. g3 d6 4. Bg2 Nc6 5. O-O e5 6. dxe5 Nxe5 7. Nxe5 Bxe5 8.
Nd2 Ne7 9. Ne4 O-O 10. Bh6 Re8 11. Bg5 Kg7 12. f4 f6 13. Bh4 Bxb2 14. c3 Bxc3
15. Nxc3 Nf5 16. Nd5 Nxh4 17. gxh4 c6 18. Nc3 Qa5 19. Qd3 d5 20. Rac1 Bf5 21.
e4 dxe4 22. Bxe4 Rad8 23. Qb1 Bxe4 24. Nxe4 Qf5 25. Nc3 Qxb1 26. Rxb1 Re7 27.
Rf2 Rd3 28. Rb3 c5 29. Re2 Red7 30. Ne4 Rd1+ 31. Kg2 b6 32. Rbe3 R1d4 33. h5
gxh5 34. Kf3 Kf7 35. Nc3 a6 36. a4 h6 37. Rb2 R7d6 38. f5 Rc4 39. Rbe2 Rd7 40.
Nd5 Rd4 41. Nxb6 Rc7 42. Re8 Rd3+ 43. Kf2 Rd4 44. Rh8 Kg7 45. Ree8 Rc6 46.
Rhg8+ Kh7 47. a5 Rf4+ 48. Ke3 Rxf5 49. Nd7 Rf1 50. Ke2 Rf5 51. Rh8+ Kg7 52.
Rhg8+ Kf7 53. Rgf8+ Kg7 54. Re7+ 1-0

[Event "Icelandic Team Championship 2021-22 - 1s"]
[Site "Reykjavik"]
[Date "2021.10.02"]
[Round "2.2"]
[White "Hallsson, Jon Eggert"]
[Black "Lagerman, Robert"]
[Result "0-1"]
[WhiteElo "1681"]
[BlackElo "2297"]
[PlyCount "90"]
[EventDate "2021.10.01"]
[WhiteTeam "Taflfélag Garðabæjar c-sveit"]
[BlackTeam "Skákfélag Selfoss og nágrennis"]

1. d4 Nf6 2. Bf4 c5 3. c3 g6 4. e3 Bg7 5. Nd2 b6 6. Bd3 Bb7 7. Ngf3 O-O 8. Qe2
d5 9. Rd1 Qc8 10. O-O Nbd7 11. Rfe1 a6 12. Ne5 Re8 13. Ndf3 b5 14. Ng5 Nxe5 15.
dxe5 Ne4 16. Nf3 Qe6 17. h3 h6 18. Qc2 Rac8 19. b3 b4 20. c4 Nc3 21. Rd2 Qb6
22. Bg3 Red8 23. Nh4 dxc4 24. bxc4 Qe6 25. f4 Ne4 26. Bxe4 Rxd2 27. Qxd2 Bxe4
28. Rd1 Qxc4 29. Qd7 Qe6 30. Qxe6 fxe6 31. Be1 a5 32. Nf3 Kf7 33. a3 g5 34. Rc1
b3 35. Bc3 Bxf3 36. gxf3 gxf4 37. exf4 h5 38. Kf2 Bh6 39. Ke3 Rd8 40. Ke4 a4
41. Rg1 c4 42. f5 exf5+ 43. Kxf5 e6+ 44. Ke4 Rd3 45. Bb4 Bf8 0-1

[Event "Icelandic Team Championship 2021-22 - 1s"]
[Site "Reykjavik"]
[Date "2021.10.02"]
[Round "3.4"]
[White "Thorsteinsdottir, Gudlaug"]
[Black "Thorfinnsson, Bragi"]
[Result "1/2-1/2"]
[WhiteElo "1978"]
[BlackElo "2427"]
[PlyCount "95"]
[EventDate "2021.10.01"]
[WhiteTeam "Taflfélag Garðabæjar b-sveit"]
[BlackTeam "Skákfélag Selfoss og nágrennis"]

1. d4 Nf6 2. Nf3 g6 3. g3 b6 4. Bg2 Bb7 5. c4 Bg7 6. Nc3 O-O 7. O-O Ne4 8. Nxe4
Bxe4 9. Be3 d6 10. Qd2 c5 11. Bh6 Nc6 12. Bxg7 Kxg7 13. h4 Bxf3 14. Bxf3 Nxd4
15. Bxa8 Qxa8 16. f3 e5 17. Rf2 f5 18. h5 f4 19. g4 gxh5 20. gxh5 Kh8 21. Kh1
Rf5 22. Rh2 Qe8 23. Qd3 Rxh5 24. Rg1 Nf5 25. Rgg2 Rxh2+ 26. Rxh2 Qg6 27. Rg2
Ng3+ 28. Kg1 Qxd3 29. exd3 Kg7 30. Kh2 Kf6 31. Kh3 d5 32. b3 h5 33. Rb2 e4 34.
dxe4 dxe4 35. fxe4 Ke5 36. Rd2 Nxe4 37. Rd5+ Ke6 38. Rxh5 f3 39. Rd5 Nc3 40.
Rd3 Nxa2 41. Rxf3 Ke5 42. Kg2 Kd4 43. Kf2 a5 44. Ke2 a4 45. Rd3+ Ke4 46. Re3+
Kd4 47. Rd3+ Ke4 48. Re3+ 1/2-1/2

[Event "Icelandic Team Championship 2021-22 - 1s"]
[Site "Reykjavik"]
[Date "2021.10.01"]
[Round "1.3"]
[White "Bjornsson, Sverrir Orn"]
[Black "Lagerman, Robert"]
[Result "1/2-1/2"]
[WhiteElo "2135"]
[BlackElo "2297"]
[PlyCount "58"]
[EventDate "2021.10.01"]
[WhiteTeam "Taflfélag Vestmannaeyja"]
[BlackTeam "Skákfélag Selfoss og nágrennis"]

1. d4 Nf6 2. c4 c5 3. d5 b5 4. Bg5 Ne4 5. Bf4 d6 6. Qc2 Nf6 7. e4 g6 8. Nd2 Bg7
9. Ngf3 O-O 10. Be2 e6 11. O-O e5 12. Bg5 b4 13. a3 bxa3 14. bxa3 h6 15. Bxf6
Bxf6 16. Rfb1 Bg7 17. Ne1 f5 18. Bf3 Nd7 19. Qa4 Nb6 20. Qa5 Bd7 21. Nd3 h5 22.
Qa6 Qe7 23. a4 Bh6 24. Nf1 Rfb8 25. a5 Qe8 26. Nb2 Bc8 27. Qb5 Bd7 28. Qa6 Bc8
29. Qb5 Bd7 1/2-1/2

[Event "Icelandic Team Championship 2021-22 - 1s"]
[Site "Reykjavik"]
[Date "2021.10.02"]
[Round "3.4"]
[White "Ragnarsson, Johann"]
[Black "Lagerman, Robert"]
[Result "0-1"]
[WhiteElo "1929"]
[BlackElo "2297"]
[PlyCount "114"]
[EventDate "2021.10.01"]
[WhiteTeam "Taflfélag Garðabæjar b-sveit"]
[BlackTeam "Skákfélag Selfoss og nágrennis"]

1. d4 Nf6 2. c4 c5 3. d5 b5 4. Nf3 g6 5. Qc2 d6 6. e4 Bg7 7. cxb5 a6 8. Nc3 O-O
9. a4 e6 10. dxe6 Bxe6 11. Be2 axb5 12. Bxb5 Na6 13. O-O Nb4 14. Qe2 d5 15.
exd5 Nfxd5 16. Nxd5 Qxd5 17. Rd1 Qf5 18. Ra3 Rfc8 19. Nd2 Nc2 20. Bd3 Nd4 21.
Bxf5 Nxe2+ 22. Kf1 Bxf5 23. Kxe2 Re8+ 24. Kf1 Rad8 25. Re1 Bd3+ 26. Rxd3 Rxe1+
27. Kxe1 Rxd3 28. Nc4 Rd4 29. b3 Rd3 30. a5 Rxb3 31. Bd2 Bc3 32. a6 Rb1+ 33.
Ke2 Bxd2 34. Nxd2 Rb4 35. Kd3 Ra4 36. Ne4 c4+ 37. Kc3 Rxa6 38. Kxc4 f5 39. Nc5
Ra2 40. Nd3 Re2 41. h4 Re4+ 42. Kc3 Rxh4 43. Kd2 Re4 44. f3 Re7 45. Nc1 Kg7 46.
Ne2 g5 47. Ke1 Kf6 48. Kf2 h5 49. Nc3 Ke5 50. Ne2 f4 51. Nc1 Rc7 52. Nd3+ Kd4
53. Nb4 Rc4 54. Na6 Rc2+ 55. Kg1 g4 56. fxg4 hxg4 57. Nb4 Rc4 0-1

[Event "Icelandic Team Championship 2021-22 - 1s"]
[Site "Reykjavik"]
[Date "2021.10.03"]
[Round "4.4"]
[White "Johannsson, Orn Leo"]
[Black "Ingason, Sigurdur"]
[Result "1-0"]
[WhiteElo "2213"]
[BlackElo "1782"]
[PlyCount "47"]
[EventDate "2021.10.01"]
[WhiteTeam "Taflfélag Vestmannaeyja"]
[BlackTeam "Víkingaklúbburinn b-sveit"]

1. d4 f5 2. Bg5 g6 3. Nc3 d5 4. e3 Bg7 5. h4 h6 6. Bf4 c6 7. Nf3 Nd7 8. Bd3
Ngf6 9. Ne5 Nxe5 10. Bxe5 O-O 11. f3 Nd7 12. f4 Nf6 13. h5 Ng4 14. hxg6 Qe8 15.
Qf3 Qxg6 16. Ne2 Nf6 17. O-O-O Ng4 18. Rh3 Be6 19. Rdh1 Qf7 20. Rh5 c5 21. Ng3
Nf6 22. Nxf5 Nxh5 23. Nxh6+ Bxh6 24. Rxh5 1-0

[Event "Icelandic Team Championship 2021-22 - 1s"]
[Site "Reykjavik"]
[Date "2021.10.02"]
[Round "3.2"]
[White "Olafsson, Smari"]
[Black "Thorsteinsson, Aron Ellert"]
[Result "0-1"]
[WhiteElo "1917"]
[BlackElo "1814"]
[PlyCount "114"]
[EventDate "2021.10.01"]
[WhiteTeam "Skákfélag Akureyrar b-sveit"]
[BlackTeam "Taflfélag Vestmannaeyja"]

1. e4 d5 2. exd5 Qxd5 3. Nc3 Qa5 4. d4 Nf6 5. Bc4 c6 6. Nf3 Bg4 7. Bd2 e6 8. h3
Bh5 9. g4 Bg6 10. Ne5 Nbd7 11. Qe2 Qb6 12. Nxg6 hxg6 13. g5 Nd5 14. Nxd5 cxd5
15. Bxd5 Qxb2 16. O-O Qxd4 17. Bxb7 Rb8 18. Be3 Qh4 19. Bg2 Rb4 20. Rad1 Ne5
21. Bd2 Rg4 22. f3 Bc5+ 23. Be3 Bxe3+ 24. Qxe3 Qxh3 25. Rd2 Qh2+ 26. Kf2 Rxg2+
27. Ke1 Rxd2 28. Qxd2 Qxd2+ 29. Kxd2 Rh2+ 30. Kc3 Rh3 31. Rb1 Nxf3 32. Rb8+ Kd7
33. Rb7+ Kc6 34. Rxa7 Nxg5+ 35. Kc4 Rh4+ 36. Kd3 Rb4 37. c3 Rb7 38. Ra5 f5 39.
Kc4 Nf3 40. Ra6+ Rb6 41. Ra7 Rb7 42. Ra6+ Kd7 43. a4 g5 44. a5 g4 45. Ra8 Ne5+
46. Kc5 Nc6 47. a6 Ra7 48. Rg8 Rxa6 49. Rxg7+ Ne7 50. Kb5 Ra1 51. c4 Rb1+ 52.
Kc5 Rb3 53. Kd4 Rb8 54. c5 Rc8 55. Ke5 Rg8 56. Rh7 g3 57. c6+ Kxc6 0-1

[Event "Icelandic Team Championship 2021-22 - 1s"]
[Site "Reykjavik"]
[Date "2021.10.03"]
[Round "4.1"]
[White "Lagerman, Robert"]
[Black "Jonsson, Gauti Pall"]
[Result "1/2-1/2"]
[WhiteElo "2297"]
[BlackElo "2045"]
[PlyCount "29"]
[EventDate "2021.10.01"]
[WhiteTeam "Skákfélag Selfoss og nágrennis"]
[BlackTeam "Taflfélag Reykjavíkur b-sveit"]

1. e4 Nf6 2. Nc3 d5 3. e5 d4 4. exf6 dxc3 5. fxg7 cxd2+ 6. Qxd2 Qxd2+ 7. Bxd2
Bxg7 8. O-O-O Bf5 9. Ne2 Nd7 10. Bc3 Bxc3 11. Nxc3 O-O-O 12. Bd3 Bxd3 13. Rxd3
Ne5 14. Rxd8+ Rxd8 15. Re1 1/2-1/2

[Event "Icelandic Team Championship 2021-22 - 1s"]
[Site "Reykjavik"]
[Date "2021.10.03"]
[Round "4.4"]
[White "Johannesson, Jon"]
[Black "Bjornsson, Sverrir Orn"]
[Result "0-1"]
[WhiteElo "1825"]
[BlackElo "2135"]
[PlyCount "92"]
[EventDate "2021.10.01"]
[WhiteTeam "Víkingaklúbburinn b-sveit"]
[BlackTeam "Taflfélag Vestmannaeyja"]

1. e4 Nf6 2. e5 Nd5 3. d4 d6 4. c4 Nb6 5. exd6 exd6 6. Nc3 Be7 7. Nf3 Bg4 8. h3
Bh5 9. Be2 O-O 10. O-O Re8 11. Be3 Bf6 12. b3 Nc6 13. Rc1 d5 14. c5 Nc8 15. Qd2
Bg6 16. a3 N8e7 17. Bg5 Bxg5 18. Nxg5 Qd7 19. b4 a6 20. Rfe1 Rad8 21. b5 axb5
22. Bxb5 Qf5 23. Nf3 Qf6 24. Ne5 Bf5 25. g4 Bd7 26. Nxd5 Nxd5 27. Nxd7 Qxd4 28.
Rxe8+ Rxe8 29. Re1 Re6 30. Rxe6 fxe6 31. Qe2 Nf4 32. Qf3 Nxh3+ 33. Qxh3 Qxd7
34. Qf3 Nd4 35. Bxd7 Nxf3+ 36. Kg2 Nd4 37. Kg3 Kf7 38. Bc8 b6 39. cxb6 cxb6 40.
Kf4 Ke7 41. Ba6 Kd6 42. Bd3 h6 43. g5 e5+ 44. Kg4 Kd5 45. gxh6 gxh6 46. f3 h5+
0-1

[Event "Icelandic Team Championship 2021-22 - 1s"]
[Site "Reykjavik"]
[Date "2021.10.03"]
[Round "4.4"]
[White "Runarsson, Gunnar"]
[Black "Thorsteinsson, Thorsteinn"]
[Result "1/2-1/2"]
[WhiteElo "1930"]
[BlackElo "2259"]
[PlyCount "34"]
[EventDate "2021.10.01"]
[WhiteTeam "Víkingaklúbburinn b-sveit"]
[BlackTeam "Taflfélag Vestmannaeyja"]

1. d4 d6 2. Nc3 Nf6 3. e4 g6 4. f4 Bg7 5. Nf3 O-O 6. Be2 c5 7. d5 Na6 8. O-O
Nc7 9. h3 Rb8 10. a4 a6 11. a5 b5 12. axb6 Rxb6 13. Bc4 e6 14. dxe6 Bxe6 15.
Bxe6 fxe6 16. e5 Nfd5 17. Ne4 dxe5 1/2-1/2